Straight to the USA Quiz Stats

 Plays Quiz Updated Aug 22, 2015

Challenge
Share
Tweet
Embed
Score 0/77 Timer 08:00
8 Plays Today
Country % Correct
Mexico
96.4%
Canada
96%
Russia
90.3%
Japan
90%
United Kingdom
88.5%
Spain
88.4%
China
87.8%
France
87.1%
Cuba
86%
Portugal
85.4%
Brazil
82.7%
Australia
82.4%
Ireland
80.2%
New Zealand
76.6%
Iceland
75.7%
Norway
73.1%
Chile
71.8%
Morocco
71.7%
Haiti
70.2%
Panama
69.6%
South Africa
69.1%
Colombia
67.6%
Jamaica
67.3%
Venezuela
66.9%
Denmark (Greenland)
66.3%
Bahamas
66.2%
Peru
66.2%
Indonesia
66%
Dominica
65.5%
Dominican Republic
64.9%
North Korea
64.5%
Philippines
62.2%
Honduras
61.9%
Vietnam
60.5%
Belize
60.3%
Costa Rica
60.3%
Guatemala
58.9%
Ecuador
57.9%
Fiji
57.4%
Country % Correct
Guyana
56.5%
Nicaragua
56.3%
Suriname
55.4%
El Salvador
54.3%
Senegal
51.7%
St. Kitts and Nevis
51.7%
Malaysia
51.6%
Liberia
51.5%
Taiwan
51.5%
Guinea
51.2%
Barbados
50.8%
Trinidad and Tobago
50.5%
Papua New Guinea
49.5%
Netherlands
48.6%
Angola
48.5%
Namibia
46.6%
Samoa
46.5%
St. Lucia
46.3%
Marshall Islands
46.3%
St. Vincent and the Grenadines
45.4%
The Gambia
44.4%
Tuvalu
43.9%
Antigua and Barbuda
43.8%
Vanuatu
43.8%
Micronesia
43.5%
Belgium
43.5%
Grenada
43.2%
Tonga
43.1%
Solomon Islands
43%
Mauritania
43%
Nauru
42.6%
Sierra Leone
42.4%
Palau
41.9%
Guinea-Bissau
41.4%
Kiribati
40.4%
Cabo Verde
39.5%
Democratic Republic of the Congo
36.3%
Sao Tomé and Principe
33.5%

You're not logged in!

Compare scores with friends on all Sporcle quizzes.
OR
Log In

You Might Also Like...

Show Comments

Extras

Top Quizzes Today


Score Distribution

Your Account Isn't Verified!

In order to create a playlist on Sporcle, you need to verify the email address you used during registration. Go to your Sporcle Settings to finish the process.

Report this User

Report this user for behavior that violates our Community Guidelines.

Details: